Lady Gaga Songs - Sudden Death - Statistics

General Stats
  • This quiz has been taken 202 times
  • The average score is 10 of 15
Answers on the Grid
Answers color-coded by a green-red scale on the quiz's grid according to % correct below.
Applause
Aura
Bad Romance
Bloody Mary
Die with a smile
Dope
Fashion
Fashion!
Folie a deux
Government Hooker
Paparazzi
Shallow
Summerboy
Telephone
The Edge of Glory
After
Circles
Goodbye, Hello
Jupiter
Nail
Roberto
Thousands of reasons
Us
Versace
 
Answer Stats
Answer % Correct
Bad Romance
91%
Paparazzi
88%
Telephone
82%
Applause
80%
Die with a smile
78%
Shallow
78%
The Edge of Glory
76%
Bloody Mary
72%
Government Hooker
54%
Folie a deux
50%
Summerboy
49%
Aura
45%
Fashion!
42%
Fashion
38%
Dope
35%
No matching quizzes found
Score Distribution
Percent of People with Each Score
Percentile by Number Answered
Your Score History
You have not taken this quiz